Türkiye Avrupa Birliği ilişkileri (Record no. 7113)

MARC details
000 -BAŞLIK
Sabit Uzunlukta Kontrol Alanı 00812na a2200265 4500
001 - KONTROL NUMARASI
Denetim Alanı 20284
003 - KONTROL NUMARASI IDENTIFIER
Denetim Alanı MIRAKIL
005 - SON İŞLEM TARİHİ VE ZAMANI
Denetim Alanı 20181213155128.0
008 - SABİT-BOY VERİ ELEMANLARI - GENEL BİLGİLER
Sabit Uzunlukta Kontrol Alanı 170117b tu 000 0
020 ## - ULUSLARARASI STANDART KİTAP NUMARASI
Uluslararası Standart Kitap Numarası 9789750064951
035 ## - SİSTEM KONTROL NUMARASI
Sistem Kontrol Numarası 17115
040 ## - KATALOGLAMA KAYNAK
Orijinal Kataloglama Ajansı Milas
Kataloglama Dili tur
Metne Dönüştürmek Ajansı TR-AnCHP
041 ## - DİL KODU
Metin / Ses Parça Veya Ayrı Başlığın Dil Kodu tur
082 ## - DEWEY ONLU SINIFLANDIRMA NUMARASI
Sınıflandırma Numarası 341.242
Ürün Numarası G95t 2008
090 ## - SINIFLAMA NUMARASI
Sınıflama Numarası 341.242 G95t 2008
100 ## - ANA GİRİŞ - KİŞİSEL İSİM
Kişisel Ad Günuğur, Haluk
245 ## - BAŞLIK TABLOSU
Başlık Türkiye Avrupa Birliği ilişkileri
Sorumluluk Tablosu, Vb Haluk Günuğur
260 ## - YAYIN, DAĞITIM, VB
Yayın, Dağıtım, Vb Yeri Ankara
Yayıncı, Dağıtıcı, Vs Adı Avrupa Ekonomik Danışma Merkezi (EKO)
Yayın, Dağıtım, Vb Tarihi 2008
300 ## - FİZİKSEL TANIM
Kapsam 496 s.
Boyutlar 24 sm.
490 ## - SERİSİ TABLOSU
Seri Beyanı Bilim serisi
Hacim / Ardışık Tanımı 3
650 ## - KONU KATMA GİRİŞ - TOPİKAL DÖNEM
Topikal Süreli Veya Coğrafi Ad Giriş Elemanı Uluslararası ilişkiler
Genel Alt Bölümü Avrupa Birliği
Coğrafi Alt Bölümü Türkiye
650 ## - KONU KATMA GİRİŞ - TOPİKAL DÖNEM
Topikal Süreli Veya Coğrafi Ad Giriş Elemanı Uluslararası anlaşmalar
Genel Alt Bölümü Avrupa Birliği
Coğrafi Alt Bölümü Türkiye
650 ## - KONU KATMA GİRİŞ - TOPİKAL DÖNEM
Topikal Süreli Veya Coğrafi Ad Giriş Elemanı Uluslararası hukuk
Genel Alt Bölümü Avrupa Birliği
Coğrafi Alt Bölümü Türkiye
942 ## - EKLENDİ GİRİŞ ELEMANLARI (KOHA)
Sınıflandırma Veya Raf Düzeni Kaynak Dewey Decimal Classification
Koha Öğesi Türü Books
999 ## - SİSTEM KONTROL NUMARALARI (KOHA)
Koha Biblionumber 7113
Koha Biblioitemnumber 7113
Holdings
Kalıcı Konum Mevcut Konum Edinme Tarihi Edinim Kaynak Toplam Check-Out'Lar Tam Çağrı Numarası Barkod Tarih Son Görülme İtibaren Geçerli Fiyatlar Koha Öğesi Türü Kopya Sayısı
CHP Kütüphanesi CHP Kütüphanesi 01/17/2017 Bağış   341.242 G95t 2008 010985 01/17/2017 01/17/2017 Books  
CHP Kütüphanesi CHP Kütüphanesi 06/30/2017 Bağış   341.242 G95t 2008 017064 06/30/2017 06/30/2017 Books k.2